Naval reminiscences (Record no. 187246)
[ view plain ]
| 000 -LEADER | |
|---|---|
| fixed length control field | 01398 a2200193 4500 |
| 003 - CONTROL NUMBER IDENTIFIER | |
| control field | Nust |
| 005 - DATE AND TIME OF LATEST TRANSACTION | |
| control field | 20230203085833.0 |
| 010 ## - LIBRARY OF CONGRESS CONTROL NUMBER | |
| LC control number | 39000049 |
| 040 ## - CATALOGING SOURCE | |
| Transcribing agency | Nust |
| 082 ## - DEWEY DECIMAL CLASSIFICATION NUMBER | |
| Classification number | 946.46,FIS |
| 100 ## - MAIN ENTRY--PERSONAL NAME | |
| Personal name | Fisher, Frederic William, Sir, |
| 9 (RLIN) | 108570 |
| 245 ## - TITLE STATEMENT | |
| Title | Naval reminiscences |
| Remainder of title | of Admiral Sir Frederic William Fisher, K.C.V.O. ("Uncle Bill") / |
| Statement of responsibility, etc. | Sir Frederic William Fisher |
| 260 ## - PUBLICATION, DISTRIBUTION, ETC. | |
| Place of publication, distribution, etc. | London, |
| Name of publisher, distributor, etc. | F. Muller ltd. |
| Date of publication, distribution, etc. | 1938 |
| 300 ## - PHYSICAL DESCRIPTION | |
| Extent | 296 p |
| Other physical details | front. |
| Dimensions | plates. |
| Accompanying material | ports |
| Type of unit | 23 cm |
| 505 ## - FORMATTED CONTENTS NOTE | |
| Formatted contents note | Old Ceylon (Page-13), Farewell Ceylon (Page-27), Looking For A Gale (Page-37), Mistaking A Horse For A Snipe (Page-51), Rounding The Horn In A Railway Carriage (Page-61), Off The West Indies (Page-73), Around On The Dreaded Ketteridge Rocks (Page-83), On The Way To The East Indies (Page-93), In The Gulf Of Oman (Page-105), Turtles, Whales And Sacred Alligators (Page-117), Back To Bombay (Page-129), The Loss Of The Atlanta And A Brother (Page-139), Patagonia And The Palkland Island (Page-151), The Wilds Of Bahia Blanca (Page-163), Stuck On A Sandbank Near The Mouth Of The River Amazon (Page-185), Kaiser Wilhelm Visit The British Fleet (Page-199), A Rescue (Page-213), The South Sea Island (Page-233), Back To England Via Hong Kong (Page-253), A Mystery Story And Its Sequel (Page-267). |
| 600 ## - SUBJECT ADDED ENTRY--PERSONAL NAME | |
| Personal name | Fisher, Frederic William, Sir, |
| 9 (RLIN) | 108570 |
| 650 ## - SUBJECT ADDED ENTRY--TOPICAL TERM | |
| Topical term or geographic name entry element | World War-I |
| 9 (RLIN) | 60131 |
| 942 ## - ADDED ENTRY ELEMENTS (KOHA) | |
| Source of classification or shelving scheme | |
| Koha item type | Book |
| Call number prefix | 946.46,FIS |
| Withdrawn status | Lost status | Source of classification or shelving scheme | Damaged status | Not for loan | Permanent Location | Current Location | Shelving location | Date acquired | Full call number | Barcode | Date last seen | Price effective from | Koha item type | Public note |
|---|---|---|---|---|---|---|---|---|---|---|---|---|---|---|
| Military College of Signals (MCS) | Military College of Signals (MCS) | General Stacks | 12/12/2016 | 946.46,FIS | MCS29283 | 12/08/2016 | 12/12/2016 | Book | Almirah No. 60, Shelf No. 6 |
